000 00301nam a22001457a 4500
008 170203b xxu||||| |||| 00| 0 eng d
020 _a0917634020
041 _aeng
080 _a61
082 _24ED
100 _a3
101 _aSHM
245 _aCHOLESTEROL TREATMENT
_cDAVID.A
942 _2udc
_cBK
999 _c4451
_d4451